00234 a2200109 450000100060000008200140000610000180002024500370003825000060007526000170008150000260009827618 a536.2 KRE aKrieth, Frank aPrinciples of heat transfer, 3/e a3 bI.E.P London aBE textbook Aerospace